000 01226nab a2200241 i 4500
001 768714001
003 CO-MdFUSB
005 20230607124326.0
008 230606s2014 us ||||| |||| 00| 0 eng d
022 _a16698649
040 _bspa
_aCO-MdFUSB
_cCO-MdFUSB
_dCO-MdFUSB
041 _aeng
100 _aJennings-Grisham, Andrew
_eautor
245 1 _aOur interconnection in Christ
_b: why the church needs the voice of its indigenous members
_c/ Andrew Jennings-Grisham
300 _aVolumen 9, número 2 (2014), páginas 139 - 158
_c; 20 cm.
520 _aEn esta reflexión, se exploran las implicaciones de nuestra interconexión en el cuerpo de Cristo, con un enfoque especial en nuestra relación con nuestros hermanos y hermanas indígenas en América Latina. Combinar un enfoque antropológico con la reflexión bíblica sobre el cuerpo de Cristo y el reino de Dios.
546 _aTexto en Inglés
650 7 _96937
_aTeología dogmática
653 _aAntropología teológica
653 _aPueblos indígenas
773 0 _049416
_981283
_d Santiago de Chile
_oR1731
_tJournal of Latin American Theology :
_w(CO-MdFUSB)118
_x1669-8949
_gVolumen 9, número 2 (2014), páginas 139 - 158
_qpágina 139
942 _cANA
999 _c68929
_d68929